Normal view
MARC view
- الحرب العربية الاسرائيلية- القضية الفلسطينية ، لبنان- تاريخ- الغزو الاسرائيلي للبنان 1982
Entry Topical Term
001 - CONTROL NUMBER
- control field: 16260
003 - CONTROL NUMBER IDENTIFIER
- control field: JO-AjAnu
005 - DATE AND TIME OF LATEST TRANSACTION
- control field: 20230606072907.0
008 - FIXED-LENGTH DATA ELEMENTS
- fixed length control field: 230606|| aca||aabn | a|a d
040 ## - CATALOGING SOURCE
- Original cataloging agency: JO-AjAnu
- Transcribing agency: JO-AjAnu
150 ## - HEADING--TOPICAL TERM
- Topical term or geographic name entry element: الحرب العربية الاسرائيلية- القضية الفلسطينية ، لبنان- تاريخ- الغزو الاسرائيلي للبنان 1982
670 ## - SOURCE DATA FOUND
- Source citation: Work cat.: (JO-AjAnu)8346: شيف، زيف، يعاري، اهود؛ ترجمة يوسف، حسان, author 16259, الحرب المضلله: حرب اسرائيل في لبنان